000 01031nam0a22002411 4500
001 v19\rc\2059692
005 20260407121934.0
035 _a(NLR Aleph) 005136734
090 _a4762625
_c4762625
100 _a20081111d1909 |||y0rusy50 ca
101 0 _arus
102 _aRU
105 _ay z |||||
200 1 _aНаставление о содержании лошадей в конюшнях
_e(Согласно... утв. 12 июня 1909 г. Устава Внутренней службы)
210 _aСанкт-Петербург
_cВ. Березовский
_d[1909]
215 _a1 л.
300 _aВ изд. 1910 г. подзаг.: Согласно приложения 12 к... утвержденному 23 марта 1910 г. Уставу внутренней службы
740 1 _aРоссия
_tВоенные уставы и наставления
_3RU\NLR\AUTH\889957977
_9412039
801 0 _aRU
_bNLR
_gpsbo
801 1 _aRU
_bProSoft-M
_2rusmarc
852 _aNLR
_j38.77.1.950
942 _cBOOK
980 _aNB